Regulación del mercado de capitales
Saved in:
| Main Authors: | , , , , , , , , , |
|---|---|
| Other Authors: | |
| Format: | Book |
| Language: | Spanish |
| Published: |
Santiago
Bolsa de Comercio de Santiago
2000
|
| Subjects: | |
| Tags: |
Add Tag
No Tags, Be the first to tag this record!
|
MARC
| LEADER | 00000nam a2200000 a 4500 | ||
|---|---|---|---|
| 001 | UCM8736 | ||
| 003 | CL-VaPUC | ||
| 005 | 20220303140819.0 | ||
| 008 | 030328e20000000CL |||||||||||||||||spa|d | ||
| 999 | |c 303175 |d 303173 | ||
| 040 | |c Pontificia Universidad Católica de Valparaíso | ||
| 082 | 0 | 4 | |a 332.64 |b MON |2 21 |
| 100 | |a Monsalve A., José |e autor |9 474907 | ||
| 245 | 1 | 0 | |a Regulación del mercado de capitales |
| 260 | |a Santiago |b Bolsa de Comercio de Santiago |c 2000 | ||
| 300 | |a 104 p | ||
| 583 | |a last modification |c 20030328 00:00:00 |k Rodrigo Vera | ||
| 650 | 7 | |a MERCADOS DE CAPITALES |2 CL-VaPUC |9 416486 | |
| 650 | 0 | |a Inversiones de capital |9 271545 | |
| 650 | 7 | |a INSTITUCIONES FINANCIERAS |2 CL-VaPUC |9 257940 | |
| 700 | 0 | |a Eyzaguirre G., Nicolás |e author |9 474908 | |
| 700 | 0 | |a Tarziján Martabit, Jorge |e author |9 474909 | |
| 700 | 0 | |a Ruiz G., José Juan |e author |9 474910 | |
| 700 | 0 | |a Yrarrázaval V., Pablo |e author |9 474911 | |
| 700 | 0 | |a Claski de la C., Alvaro |e author |9 474912 | |
| 700 | 0 | |a Solís de Ovando L., Cristián |e author |9 474913 | |
| 700 | 0 | |a Arthur E., Guillermo |e author |9 474914 | |
| 700 | |a Marshall Rivera, Jorge |e autor |9 474915 | ||
| 700 | 0 | |a Valenzuela C., Rodrigo |e author |9 474916 | |
| 700 | 0 | |a Somerville S., Hernán |e author |9 474917 | |
| 942 | |c BK |2 ddc | ||
| 945 | |d 20030328 00:00:00 |a rbrito | ||
| 952 | |0 0 |1 0 |4 0 |6 332_640000000000000_MON_2000 |7 0 |8 A |9 364321 |a BIBDER |b BIBDER |d 2019-11-21 |i 3682811 |o 332.64 MON 2000 |p 3682811 |r 2023-01-25 |w 2019-11-21 |y BK |k DER | ||